000 00486nam a22001817a 4500
999 _c191311
_d191311
005 20220824122443.0
010 _aENG-134626
020 _a9788190914529
_c395.00
035 _aEN-118158
037 _bDBAD/PUB
082 _a128.2
100 _aSinha, P K
245 _aKing of Kings/
_bP K Sinha
260 _aKolkata
_bMinerva Associates
_c2013
270 _bKolkata
_a10 Roy Began Street
_e700006
300 _a222p.
_c21cm(pbk)
942 _2ddc
_cEN
_h128.2
_mSIN